000
00291 a2200133 4500
000
nam a22 7a 4500
100
_a
Foster, N
110
_a
Foster, N
245
_a
Tourism Geography
250
_a
Latest edition
260
_b
PINAKIN
_c
2027
264
_b
PINAKIN
_c
2027
942
_c
BK
999
_c
396815
_d
396815